000 01060nam a22002417a 4500
999 _c32775
_d32775
003 OSt
005 20211110084654.0
008 140214b2021 slv spa
040 _cBMC
082 _a610.73
082 _a615.5
100 1 _946050
_aIrisarri Galdamez, Brenda Lissette
245 1 0 _aEl actuar de enfermeria en la prevención de las enfermedades crónicas
_b: Investigación, Informe final
_cBrenda Lissette Irisarri Galdamez, Eva Karina Castro Linares
260 _aSanta Ana (El Salvador)
_bUniversidad Católica de El Salvador
_c2021
300 _a1 folleto [27] h.
_c28 cm
_e+ 1 disco compacto
500 _aPrecede al tít.: Universidad Católica de El Salvador, Facultad de Ciencias de la Salud. Escuela de enfermería
502 _aPara optar al grado académico de: Licenciatura en enfermería
650 2 4 _94103
_aEnfermería
650 2 0 _911176
_aCuidados paliativos
700 1 _946049
_aCastro Linares, Eva Karina
710 2 _919917
_aUniversidad Católica de El Salvador
_bEscuela de Ciencias de la Salud
942 _2ddc
_cTG